Historia del derecho.

Saved in:
Bibliografiske detaljer
Hovedforfatter: Infante Martin, Javier Francisco (autor)
Format: Ukendt
Udgivet: Santiago, Chile: Ediciones UC, 2023.
Fag:
Tags: Tilføj Tag
Ingen Tags, Vær først til at tagge denne postø!

MARC

LEADER 00000 a2200000 4500
003 CL-VaPUC
005 20240409102706.0
008 240320t2023 ||||| |||| 00| 0 eng d
999 |c 443284  |d 443282 
020 |a 978-956-14-3183-6 
040 |c Pontificia Universidad Católica de Valparaíso 
082 7 |a 340.09 INF 2023  |2 22 
100 |a Infante Martin, Javier Francisco  |9 887847  |e autor 
245 |a Historia del derecho. 
260 |a Santiago, Chile:  |b Ediciones UC,  |c 2023. 
300 |a Tomo I, 164 páginas.  
505 |a t.I. La antigüedad  
583 |k GC  |c 20240320 
650 0 |a Historia del derecho  |9 255109 
942 |2 ddc  |c BK 
952 |0 0  |1 0  |2 ddc  |4 0  |6 340_090000000000000_INF_2023  |7 0  |8 A  |9 593774  |a BIBHIS  |b BIBHIS  |d 2024-03-20  |e 11  |g 15600.00  |h t.I  |i 5660447  |o 340.09 INF 2023  |p 5660447  |r 2024-03-20  |t 1  |v 15600.00  |w 2024-03-20  |y BK  |k DHI